Desde mi celda

שמור ב:
מידע ביבליוגרפי
מחבר ראשי: Bécquer, Gustavo Adolfo
פורמט: ספר
שפה:Undetermined
יצא לאור: Madrid, España Castalia 1985
נושאים:
תגים: הוספת תג
אין תגיות, היה/י הראשונ/ה לתייג את הרשומה!

MARC

LEADER 00000nam a2200000Ia 4500
008 170316s9999 xx 000 0 und d
040 |a cru BVZT 
090 |a 862 B-7d 
100 |a Bécquer, Gustavo Adolfo 
245 |a Desde mi celda 
260 |a Madrid, España 
260 |b Castalia 
260 |c 1985 
300 |a 216 páginas 
650 |a LITERATURA ESPAÑOLA 
999 |c 9577  |d 9577 
942 |c 15 D  |h 862 B-7d  |2 z